| 000 | 00617nam a2200205Ia 4500 | ||
|---|---|---|---|
| 001 | 4255 | ||
| 003 | GE_BSU | ||
| 008 | 181216s||||||||xx |||||||||||||| ||und|| | ||
| 040 | _cGE_BSU | ||
| 080 | _a37.018.1 | ||
| 245 | _aოჯახი და ბავშვის აღრზდა | ||
| 245 | _cრედ. ფირცხალაისვილ | ||
| 260 | _aბათუმი : | ||
| 260 | _bსაბჭოთა აჭარა | ||
| 260 | _c1987 | ||
| 300 | _a88გვ. 20 სმ. | ||
| 541 | _h1.ლ 60თ | ||
| 653 | _aოჯახი და ბავშვის აღრზდა | ||
| 942 | _cBK | ||
| 999 |
_c38265 _d38265 |
||